Egan Lawson Ltd v Standard Life Assurance Co (Record no. 66227)

MARC details
000 -LEADER
fixed length control field 01314cam a2200205 4500
001 - CONTROL NUMBER
control field ABS63600
008 - FIXED-LENGTH DATA ELEMENTS--GENERAL INFORMATION
fixed length control field 000000n2001 000 0 eng u
035 ## - SYSTEM CONTROL NUMBER
System control number (Sirsi) u111174
245 ## - TITLE STATEMENT
Title Egan Lawson Ltd v Standard Life Assurance Co
260 ## - PUBLICATION, DISTRIBUTION, ETC.
Date of publication, distribution, etc. 2001
490 ## - SERIES STATEMENT
Series statement Estates Gazette Law Reports
Volume/sequential designation [2001] 08 EG 168-173(6)
520 ## - SUMMARY, ETC.
Summary, etc. CA 21 November 2000. In 1997 E approached S with details of an investment property not yet on the market. S's investment manager visited the property but rejected it on the grounds that its yield pricing was too high. In October 1997 the property was officially put on the market with Savills. A director of Richard Ellis approached S with details of the property. In November 1997 Richard Ellis made further contact and submitted a lower bid than the asking price. S purchased the property and paid an agreed commission of 1% of the purchase price. Judge found that E was the effective cause of the purchase and was entitled to 1% commission. S appealed. Appeal allowed on grounds that the commission had not been earned.
590 ## - LOCAL NOTE (RLIN)
Local note ABS
650 ## - SUBJECT ADDED ENTRY--TOPICAL TERM
Topical term or geographic name entry element INTRODUCTORY FEES
650 ## - SUBJECT ADDED ENTRY--TOPICAL TERM
Topical term or geographic name entry element EGAN LAWSON LTD V STANDARD LIFE ASSURANCE CO
650 ## - SUBJECT ADDED ENTRY--TOPICAL TERM
Topical term or geographic name entry element EFFECTIVE CAUSE
650 ## - SUBJECT ADDED ENTRY--TOPICAL TERM
Topical term or geographic name entry element ESTATE AGENTS' COMMISSION
690 ## - LOCAL SUBJECT ADDED ENTRY--TOPICAL TERM (OCLC, RLIN)
Topical term or geographic name as entry element PROPERTY AND LAND LAW-AGENCY-CASE LAW
942 ## - ADDED ENTRY ELEMENTS (KOHA)
Suppress in OPAC 0
Holdings
Withdrawn status Lost status Source of classification or shelving scheme Damaged status Not for loan Home library Current library Shelving location Date acquired Total Checkouts Full call number Barcode Date last seen Copy number Price effective from Koha item type
    Dewey Decimal Classification     London London Journal article 28/02/2001   ABS63600 111174-1001 06/08/2019 1 06/08/2019 Law report